000 01107nab a22002417a 4500
999 _c6016
_d6016
003 OSt
005 20260116180445.0
008 190605e xxu||||| |||| 00| 0 spa d
040 _cPJ
100 _96821
_aVergara, Juan Manuel
245 1 0 _aAspectos de la extinción del contrato de trabajo por jubilación /
_cJuan Manuel Vergara.
260 _aCiudad Autónoma de Buenos Aires :
_bThomson Reuters La Ley,
_c2025.
300 _ap. 211-217
500 _aCita Online: Cita: TR LALEY AR/DOC/583/2025.
505 _aSumario: I. Introducción.— II. Evolución normativa.— III. Análisis de la reforma introducida por la ley 27.426; cuestionamiento constitucional.
505 _t¿Te interesa el texto completo? Solicitalo al correo: koha@justierradelfuego.gov.ar
650 0 _91316
_aDERECHO LABORAL
650 0 _91323
_aCONTRATO DE TRABAJO
650 0 _aEXTINCION DEL CONTRATO DE TRABAJO
_91486
650 0 _aJUBILACIONES
_92154
773 0 _02711
_93168
_dCiudad Autónoma de Buenos Aires : Thomson Reuters La Ley, 1999-2002.
_tRevista de derecho del trabajo. Nº 3 - Mayo 2025
942 _2udc
_cANA